000 00861nam a2200229 a 4500
001 71133
003 BD-RjUL
005 20211209082100.0
008 170426s1979 ii a|||| |||| 00| 0 ben d
020 _c : Tk. 8.00
035 _a(BD-RjUL)71348
040 _aBD-RjUL
_bben
_cBD-RjUL
_dBD-RjUL
041 _aben
082 _223
_a954.3581
_bMUS 1979
100 1 0 _aমোশেল, বাসুদেব
_9210462
245 1 0 _aসখারাম গণেশ দেউস্কর ও ভারতীয় স্বাধীনতা যুদ্ধ
_cবাসুদেব মোশেল
260 _aকলিকাতা :
_bপুস্তক বিপণি,
_c১৯৭৯
300 _a৭৫ পৃ. :
_bচিত্র ;
_c২০ সেমি.
650 _aভারত--যুদ্ধ
_9210463
650 _aIndia--War
_9210464
942 _2ddc
_cBK
999 _c71133
_d71133